00462nam a2200169Ia 450000500170000000800410001704000190005804100120007708200160008924500630010526000360016830000100020465000140021465100230022870000310025185000100028220230315091141.0131103s9999 xx 000 0 und d aLoreto College aEnglish a891.44bGHO aKathasilpicedited by Sourendrakumar Ghosh and Poresh Saha aCalcuttabBharati Libraryc1957 a178p  aBiography aBengali Literature aGhosh, Sourendrakumar, ed. aLCLIB